Φορτώνει......

Role of lead Bank Scheme in the promotion of professional and self employed previous - A study with reference to Ernakulam District.

Λεπτομέρειες βιβλιογραφικής εγγραφής
Κύριος συγγραφέας: Wilson, V.G
Γλώσσα:English
Έκδοση: Kochi School of Management Studies 2003
LEADER 00538nam a22001337a 4500
005 20151215130216.0
008 100407t xxu||||| |||| 00| 0 eng d
100 |a Wilson, V.G.  |9 18093 
245 |a Role of lead Bank Scheme in the promotion of professional and self employed previous - A study with reference to Ernakulam District. 
260 |a Kochi  |b School of Management Studies  |c 2003 
500 |a M.Phil. 
942 |c PR  |6 _ 
999 |c 113248  |d 113248 
952 |0 0  |1 0  |2 ddc  |4 0  |6 _  |7 0  |9 146839  |a SMS  |b SMS  |c REF  |d 2010-04-07  |p SMSP03819  |r 2010-04-07  |w 2010-04-07  |y PR